Obálka Náhled e-knihy:
PDF Epub
Pro půjčování e-knih musíte být přihlášeni.
Jak si půjčit online?

Letuška z economy, aneb, Co na Instagramu neuvidíte /

Autobiografické vyprávění o životě a práci letušky v Dubaji.

Uloženo v:
Hlavní autor: Jirglová, Petra, 1988- (Autor)
Médium: E-kniha
Jazyk:Czech
Vydáno: Praha : Pointa, 2019
Vydání:První vydání
Témata:
Tagy:
Žádné tagy
LEADER 02459nam a2200529 i 4500
001 311058
003 CZ PrSKC
005 20260601215658.0
007 ta
008 190620s2019 xr a g 000 facze
015 |a cnb003084030 
020 |a 9788090750555  |q (brožováno) 
035 |a (OCoLC)1111971706 
040 |a ABA001  |b cze  |e rda 
043 |a e-xr--- 
045 |a y-y- 
072 7 |a 821.162.3-3  |x Česká próza  |2 Konspekt 
072 7 |a 929  |x Biografie  |2 Konspekt 
080 |a 821.162.3-3  |2 MRF 
080 |a 656.7.075-051  |2 MRF 
080 |a 929  |2 MRF 
080 |a (437.3)  |2 MRF 
080 |a (0:82-322.6)  |2 MRF 
100 1 |a Jirglová, Petra,  |d 1988-  |7 xx0237274  |4 aut 
245 1 0 |a Letuška z economy, aneb, Co na Instagramu neuvidíte /  |c Petra Jirglová 
246 3 0 |a Co na Instagramu neuvidíte 
250 |a První vydání 
264 1 |a Praha :  |b Pointa,  |c 2019 
300 |a 149 stran :  |b ilustrace ;  |c 21 cm 
336 |a text  |b txt  |2 rdacontent 
337 |a bez média  |b n  |2 rdamedia 
338 |a svazek  |b nc  |2 rdacarrier 
500 |a V roce 2019 dotisk 
520 2 |a Autobiografické vyprávění o životě a práci letušky v Dubaji.  |b Petra Jirglová toužila jako čerstvá třicátnice objevovat svět. Když získala práci letušky v Dubaji, začal se jí plnit životní sen: cestovat a ještě za to dostat zaplaceno. O svých zážitcích z cest i ze života začala psát blog TooSweetNothings, s nadhledem a humorem. Rok svého života letušky v Dubaji shrnula na stránkách této knížky. 
600 1 7 |a Jirglová, Petra,  |d 1988-  |7 xx0237274  |2 czenas 
648 7 |a 21. století  |7 ch460559  |2 czenas 
650 0 7 |a palubní průvodčí  |7 ph796901  |z Česko  |y 21. století  |2 czenas 
650 0 9 |a flight attendants  |z Czechia  |y 21st century  |2 eczenas 
655 7 |a české prózy  |7 fd133972  |2 czenas 
655 7 |a autobiografické prózy  |7 fd131850  |2 czenas 
655 9 |a Czech prose  |2 eczenas 
655 9 |a autobiographical prose  |2 eczenas 
900 |a ABA001  |b 19 
044 |a xr 
910 |a RBIT002 
998 |d 185374  |a https://core.palmknihy.cz/api/books/185374/cover?sgqubo  |b https://core.palmknihy.cz/api/books/185374/cover/400?sgqubo  |c https://core.palmknihy.cz/api/books/185374/cover/50?sgqubo  |e 2050-12-31  |g 152  |i 9788090750555  |j https://core.palmknihy.cz/api/books/185374/preview.epub  |k https://core.palmknihy.cz/api/books/185374/preview.pdf  |l   |q 49  |r 1  |s https://www.palmknihy.cz/kniha/185374  |t ebook  |y 2019  |z 0 
999 |d 311056